000 00767nam a2200241Ia 4500
003 OSt
005 20220926010001.0
006 a|||||r|||| 00| 0
007 ta
008 220923b |||||||| |||| 00| 0 eng d
037 _cGeneral Book
040 _aRTL
_cRTL
_beng
041 _2eng
_aeng
082 _aX 9(D66) :54.575.N7, L7
110 _aTrade Development Authority (New Delhi India)
_9311563
245 0 _aMarket information survey on domestic electrical a
260 _a New Delhi
_bTrade Development Authority India
_c1977
300 _a48p.
_ccm.
650 _aElectrical
700 _aTrade Development Authority (New Delhi India)
_9311564
942 _hX 9(D66) :54.575.N7, L7
_cGB
_2CC
999 _c615974
_d615974